[Event "Landesklasse West 2014/2015"]
[Site "?"]
[Date "2015.04.19"]
[Round "9"]
[White "Berghof, Axel"]
[Black "Löhn, Marko"]
[Result "1-0"]
[WhiteElo "2057"]
[BlackElo "1553"]
[PlyCount "79"]
[EventDate "2015.??.??"]
[WhiteTeam "SC Suhl"]
[BlackTeam "Schachverein Stützerbach"]

1. e4 d5 2. e5 Bf5 3. d4 e6 4. Ne2 c5 5. Ng3 Bg6 6. h4 h6 7. h5 Bh7 8. Bd3 Bxd3
9. Qxd3 Nc6 10. c3 cxd4 11. cxd4 Qb6 12. Ne2 Bb4+ 13. Nbc3 Nge7 14. a3 Bxc3+
15. bxc3 Na5 16. O-O Nc4 17. Nf4 Nf5 18. Nxd5 Qc6 19. Nb4 Qc7 20. Qe4 Rd8 21.
Bf4 g5 22. hxg6 fxg6 23. d5 g5 24. dxe6 Rf8 25. Be3 Ncxe3 26. fxe3 Qxc3 27. Nd5
Rxd5 28. Qxd5 Qxe3+ 29. Rf2 Qxf2+ 30. Kxf2 Ne7+ 31. Qf3 Nc6 32. Rh1 Nxe5 33.
Qxf8+ Kxf8 34. Kg3 Ng6 35. Rxh6 Kg7 36. Rh1 Kf6 37. Re1 Ke7 38. Kg4 Nf4 39.
Kxg5 Nxe6+ 40. Kf5 1-0

[Event "Landesklasse West 2014/2015"]
[Site "?"]
[Date "2015.04.19"]
[Round "9"]
[White "Handschuh, Franz"]
[Black "Feld-Gerdes, Wolfgang"]
[Result "1/2-1/2"]
[WhiteElo "1860"]
[BlackElo "2035"]
[PlyCount "60"]
[EventDate "2015.??.??"]
[WhiteTeam "Schachverein Stützerbach"]
[BlackTeam "SC Suhl"]

1. d4 Nf6 2. e3 c5 3. c3 b6 4. f4 Bb7 5. Nf3 e6 6. Bd3 Be7 7. O-O d6 8. Nbd2
Nbd7 9. e4 cxd4 10. cxd4 O-O 11. e5 Ne8 12. Qe2 g6 13. b3 Bxf3 14. Nxf3 d5 15.
Bd2 Rc8 16. Rac1 Ba3 17. Rxc8 Qxc8 18. Rb1 a5 19. Qe1 Be7 20. Rc1 Qb7 21. b4
axb4 22. Bxb4 Nb8 23. Bxe7 Qxe7 24. Qc3 Ng7 25. Rb1 Qa7 26. a3 Nd7 27. Bb5 Rb8
28. a4 Nf5 29. Qc6 Nf8 30. Rc1 h6 1/2-1/2

[Event "Landesklasse West 2014/2015"]
[Site "?"]
[Date "2015.04.19"]
[Round "9"]
[White "Mages, Horst"]
[Black "Will, Ralph"]
[Result "1/2-1/2"]
[WhiteElo "1700"]
[BlackElo "1785"]
[PlyCount "39"]
[EventDate "2015.??.??"]
[WhiteTeam "Schachverein Stützerbach"]
[BlackTeam "SC Suhl"]

1. d4 Nf6 2. Nf3 e6 3. g3 b6 4. Bg2 Bb7 5. O-O c5 6. b3 cxd4 7. Nxd4 Bxg2 8.
Kxg2 Be7 9. Bb2 O-O 10. c4 d5 11. Na3 a6 12. e3 Ra7 13. Qe2 dxc4 14. Nxc4 b5
15. Ne5 Qd5+ 16. Ndf3 Nbd7 17. Rfd1 Qa8 18. Kg1 Rd8 19. Rac1 Nxe5 20. Nxe5
1/2-1/2

[Event "Landesklasse West 2014/2015"]
[Site "?"]
[Date "2015.04.19"]
[Round "9"]
[White "v.d. Weth-v. Nordheim, Petra"]
[Black "Licht, Ralph"]
[Result "1/2-1/2"]
[WhiteElo "1783"]
[BlackElo "1667"]
[PlyCount "20"]
[EventDate "2015.??.??"]
[WhiteTeam "SC Suhl"]
[BlackTeam "Schachverein Stützerbach"]

1. d4 d5 2. e3 Nf6 3. Bd3 g6 4. Nd2 Bg7 5. f4 Nc6 6. c3 b6 7. Ngf3 Bb7 8. Ne5
Nxe5 9. fxe5 Ne4 10. O-O Nxd2 1/2-1/2

[Event "Landesklasse West 2014/2015"]
[Site "?"]
[Date "2015.04.19"]
[Round "9"]
[White "Geißhirt, Marco"]
[Black "Meister, Matthias"]
[Result "1-0"]
[WhiteElo "1976"]
[BlackElo "1745"]
[PlyCount "59"]
[EventDate "2015.??.??"]
[WhiteTeam "SG Barchfeld/Breitungen"]
[BlackTeam "SK Dingelstädt 1921"]

1. e4 e5 2. Nf3 Nc6 3. Nc3 Bc5 4. Nxe5 Bxf2+ 5. Kxf2 Nxe5 6. d4 Qf6+ 7. Kg1 Ng6
8. Bc4 c6 9. e5 Qd8 10. Ne4 d5 11. Nd6+ Kf8 12. Bd3 Qb6 13. Qf3 Be6 14. Qf2
N8e7 15. b3 Nc8 16. Ba3 Nxd6 17. Bxd6+ Ke8 18. h3 a6 19. Kh2 Ne7 20. Rhf1 Qd8
21. c4 Kd7 22. cxd5 Bxd5 23. Bc4 Be6 24. Qg3 Qg8 25. Qg5 Re8 26. Qd2 Nc8 27.
Qb4 b5 28. a4 f6 29. axb5 Bxc4 30. bxc6+ 1-0

[Event "Landesklasse West 2014/2015"]
[Site "?"]
[Date "2015.04.19"]
[Round "9"]
[White "Stöber, Alexander"]
[Black "Rommel, Uwe"]
[Result "0-1"]
[WhiteElo "1683"]
[BlackElo "1859"]
[PlyCount "82"]
[EventDate "2015.??.??"]
[WhiteTeam "SK Dingelstädt 1921"]
[BlackTeam "SG Barchfeld/Breitungen"]

1. e4 g6 2. d4 Bg7 3. Nc3 d6 4. Be3 Nf6 5. f3 O-O 6. Qd2 e5 7. Nge2 exd4 8.
Nxd4 Nc6 9. Be2 Nd7 10. Nd5 Nb6 11. Nxb6 axb6 12. c3 Nxd4 13. cxd4 d5 14. O-O
Be6 15. e5 Qd7 16. a3 Rfc8 17. Rac1 c6 18. Bh6 c5 19. Bxg7 Kxg7 20. f4 Ra4 21.
dxc5 bxc5 22. Rf3 Bf5 23. b3 Rd4 24. Qb2 b6 25. b4 Qa7 26. h3 h5 27. Rf2 Ra8
28. g4 hxg4 29. hxg4 Be4 30. Bf3 Qxa3 31. Qxa3 Rxa3 32. Bxe4 dxe4 33. bxc5 bxc5
34. Rxc5 e3 35. Re2 Rxf4 36. Kg2 Rxg4+ 37. Kf3 Rh4 38. e6 fxe6 39. Re5 Kf6 40.
Rb5 g5 41. Rg2 Rf4+ 0-1

[Event "Landesklasse West 2014/2015"]
[Site "?"]
[Date "2015.04.19"]
[Round "9"]
[White "Reum, Lutz"]
[Black "Kirchberg, Hans-Georg"]
[Result "1/2-1/2"]
[WhiteElo "1800"]
[BlackElo "1661"]
[PlyCount "96"]
[EventDate "2015.??.??"]
[WhiteTeam "SG Barchfeld/Breitungen"]
[BlackTeam "SK Dingelstädt 1921"]

1. d4 Nf6 2. Nf3 d5 3. e3 e6 4. Nbd2 Bd6 5. Bd3 c5 6. c3 O-O 7. O-O Nbd7 8. Qe2
h6 9. e4 dxe4 10. Nxe4 Nxe4 11. Bxe4 Nf6 12. dxc5 Bxc5 13. Bc2 Qc7 14. Ne5 Bd6
15. Nf3 Bd7 16. Rd1 Bc6 17. h3 Rfd8 18. Nd4 Bd7 19. c4 a6 20. b3 Rab8 21. Bb2
Be7 22. Nf3 Bc6 23. Ne5 b5 24. Rac1 b4 25. Nxc6 Qxc6 26. Rxd8+ Rxd8 27. Rd1
Rxd1+ 28. Qxd1 a5 29. Qd3 Kf8 30. Bd1 Qc7 31. Bf3 Qd8 32. Qe3 Qd7 33. Bxf6 Bxf6
34. Qc5+ Be7 35. Qxa5 g6 36. c5 Qd4 37. Qb5 Bxc5 38. Qe2 Qa1+ 39. Kh2 Bd6+ 40.
g3 Qd4 41. Kg2 Bc5 42. Be4 Kg7 43. Bd3 h5 44. h4 e5 45. Bc4 e4 46. Kf1 Qa1+ 47.
Kg2 Qd4 48. Kf1 Qa1+ 1/2-1/2

[Event "Landesklasse West 2014/2015"]
[Site "?"]
[Date "2015.04.19"]
[Round "9"]
[White "Strecker, Frank"]
[Black "Crivellaro, Heiko"]
[Result "1/2-1/2"]
[WhiteElo "1643"]
[BlackElo "1827"]
[PlyCount "36"]
[EventDate "2015.??.??"]
[WhiteTeam "SK Dingelstädt 1921"]
[BlackTeam "SG Barchfeld/Breitungen"]

1. Nf3 f5 2. d4 g6 3. c3 Bg7 4. g3 Nf6 5. Qb3 e6 6. Bg2 c6 7. Bf4 a5 8. a4 d5
9. Nbd2 O-O 10. O-O Re8 11. Ne5 Nbd7 12. Ndf3 Nxe5 13. Nxe5 Nh5 14. Bd2 Bxe5
15. dxe5 Qc7 16. f4 Bd7 17. c4 b6 18. Be3 Rab8 1/2-1/2

[Event "Landesklasse West 2014/2015"]
[Site "?"]
[Date "2015.04.19"]
[Round "9"]
[White "Wolf, Tristan"]
[Black "Lorenz, Sebastian"]
[Result "0-1"]
[WhiteElo "1594"]
[BlackElo "1558"]
[PlyCount "56"]
[EventDate "2015.??.??"]
[WhiteTeam "SG Barchfeld/Breitungen"]
[BlackTeam "SK Dingelstädt 1921"]

1. Nf3 Nf6 2. g3 d5 3. Bg2 Bf5 4. O-O e6 5. d4 c5 6. c4 Nc6 7. Qa4 Qd7 8. a3
Nxd4 9. Qxd7+ Kxd7 10. Nxd4 cxd4 11. cxd5 e5 12. b4 a5 13. b5 a4 14. Nd2 Rc8
15. Bb2 Rc2 16. Bc1 Bc5 17. Kh1 Kd6 18. e4 dxe3 19. fxe3 Bd3 20. Re1 e4 21. Rd1
Ke5 22. Rb1 Bxe3 23. Nc4+ Rxc4 24. Bxe3 Nxd5 25. Bf4+ Nxf4 26. gxf4+ Kxf4 27.
Rb2 f5 28. Rf2+ Ke5 0-1

[Event "Landesklasse West 2014/2015"]
[Site "?"]
[Date "2015.04.19"]
[Round "9"]
[White "Nolte, Rainer"]
[Black "Reum, Jonathan"]
[Result "1/2-1/2"]
[WhiteElo "1558"]
[BlackElo "1525"]
[PlyCount "99"]
[EventDate "2015.??.??"]
[WhiteTeam "SK Dingelstädt 1921"]
[BlackTeam "SG Barchfeld/Breitungen"]

1. d4 Nf6 2. Nf3 g6 3. g3 Bg7 4. Bg2 O-O 5. O-O d6 6. Bf4 Nbd7 7. Qd2 Re8 8.
Bh6 Bh8 9. Re1 c5 10. c3 Ng4 11. Na3 Nxh6 12. Qxh6 Bg7 13. Qd2 Rb8 14. e4 b5
15. Nc2 Qb6 16. dxc5 Nxc5 17. e5 dxe5 18. Nxe5 Bb7 19. Qe3 Bxe5 20. Bxb7 Rxb7
21. Qxe5 Nd3 22. Qe2 Nxe1 23. Rxe1 Rd8 24. a3 a5 25. Qe4 Rbd7 26. Re2 Qb7 27.
Nd4 Qxe4 28. Rxe4 b4 29. axb4 axb4 30. Nc6 bxc3 31. bxc3 Re8 32. Ne5 Rd6 33.
Rf4 f6 34. Ng4 Rc8 35. c4 Kg7 36. Ne3 Rdc6 37. g4 g5 38. Rd4 Kf7 39. Kg2 Rb6
40. Rd2 Rb3 41. Rc2 e6 42. Rd2 Rxe3 43. fxe3 Rxc4 44. h3 f5 45. gxf5 exf5 46.
Rd7+ Kg6 47. Rd6+ Kh5 48. Rd5 f4 49. exf4 Rxf4 50. Kg3 1/2-1/2

[Event "Landesklasse West 2014/2015"]
[Site "?"]
[Date "2015.04.19"]
[Round "9"]
[White "Abe, Rico"]
[Black "Walter, Martin"]
[Result "1/2-1/2"]
[WhiteElo "1664"]
[BlackElo "1660"]
[PlyCount "34"]
[EventDate "2015.??.??"]
[WhiteTeam "SG Barchfeld/Breitungen"]
[BlackTeam "SK Dingelstädt 1921"]

1. e4 e5 2. Nf3 Nf6 3. d4 exd4 4. e5 Ne4 5. Qxd4 d5 6. exd6 Nxd6 7. Bg5 f6 8.
Be3 Nc6 9. Qd2 Be6 10. Bd3 Nc4 11. Bxc4 Bxc4 12. Qxd8+ Rxd8 13. a3 Be7 14. Nbd2
Bf7 15. O-O O-O 16. Rfe1 a6 17. Rad1 Bg6 1/2-1/2

[Event "Landesklasse West 2014/2015"]
[Site "?"]
[Date "2015.04.19"]
[Round "9"]
[White "Minor, Viatcheslav"]
[Black "Klingler, Lutz"]
[Result "1/2-1/2"]
[WhiteElo "1991"]
[BlackElo "1945"]
[PlyCount "22"]
[EventDate "2015.??.??"]
[WhiteTeam "SV Wartburgstadt Eisenach"]
[BlackTeam "SV Schmalkalden 04"]

1. e4 g6 2. d4 Bg7 3. Nc3 d6 4. Be3 Nc6 5. f4 e6 6. Nf3 Nf6 7. Qd2 O-O 8. h3 a6
9. O-O-O b5 10. e5 dxe5 11. dxe5 Qxd2+ 1/2-1/2

[Event "Landesklasse West 2014/2015"]
[Site "?"]
[Date "2015.04.19"]
[Round "9"]
[White "Lesser, Thomas"]
[Black "Neef, Michael"]
[Result "1/2-1/2"]
[WhiteElo "1857"]
[BlackElo "1893"]
[PlyCount "88"]
[EventDate "2015.??.??"]
[WhiteTeam "SV Schmalkalden 04"]
[BlackTeam "SV Wartburgstadt Eisenach"]

1. e4 d5 2. exd5 Qxd5 3. Nc3 Qd6 4. Nf3 Bg4 5. Be2 c6 6. d4 e6 7. O-O Nf6 8. h3
Bh5 9. Re1 Nbd7 10. Be3 Qc7 11. Ng5 Bxe2 12. Qxe2 h6 13. Nge4 Bb4 14. a3 Nxe4
15. axb4 Nxc3 16. bxc3 O-O 17. Qg4 Nf6 18. Qf4 Qxf4 19. Bxf4 Nd5 20. Bd2 Nb6
21. Bf4 Nc4 22. Re2 a5 23. bxa5 Rxa5 24. Rxa5 Nxa5 25. Re1 Nc4 26. Ra1 b5 27.
Ra6 Rc8 28. f3 f6 29. Kf2 e5 30. dxe5 fxe5 31. Bg3 Kf7 32. Ke2 Kf6 33. Bf2 g5
34. Ra7 Rd8 35. Be3 Nxe3 36. Kxe3 Rd6 37. Rh7 Kg6 38. Re7 Kf6 39. Rh7 Kf5 40.
g4+ Kg6 41. Re7 Kf6 42. Rh7 Kg6 43. Re7 Kf6 44. Rh7 Kg6 1/2-1/2

[Event "Landesklasse West 2014/2015"]
[Site "?"]
[Date "2015.04.19"]
[Round "9"]
[White "Schwarz, Hilmar"]
[Black "Krannich, Steffen"]
[Result "1/2-1/2"]
[WhiteElo "1872"]
[BlackElo "1810"]
[PlyCount "35"]
[EventDate "2015.??.??"]
[WhiteTeam "SV Wartburgstadt Eisenach"]
[BlackTeam "SV Schmalkalden 04"]

1. e4 d5 2. exd5 Nf6 3. c4 c6 4. d4 cxd5 5. c5 g6 6. Bf4 Bg7 7. Nc3 a6 8. Nf3
Nc6 9. Be2 O-O 10. O-O Bf5 11. Qc1 Rc8 12. Bh6 Bg4 13. Bxg7 Kxg7 14. Qf4 Bxf3
15. Bxf3 b6 16. Be2 bxc5 17. Bxa6 Rb8 18. dxc5 1/2-1/2

[Event "Landesklasse West 2014/2015"]
[Site "?"]
[Date "2015.04.19"]
[Round "9"]
[White "Burkhardt, Christian"]
[Black "Königsdörfer, Gerhard"]
[Result "1/2-1/2"]
[WhiteElo "1677"]
[BlackElo "1886"]
[PlyCount "35"]
[EventDate "2015.??.??"]
[WhiteTeam "SV Schmalkalden 04"]
[BlackTeam "SV Wartburgstadt Eisenach"]

1. d4 d5 2. c4 dxc4 3. Nf3 a6 4. e3 Bg4 5. Bxc4 e6 6. Nc3 Nc6 7. O-O Nf6 8. h3
Bh5 9. Be2 Bd6 10. Ne5 Bxe2 11. Nxc6 Bxd1 12. Nxd8 Rxd8 13. Rxd1 e5 14. dxe5
Bxe5 15. Rxd8+ Kxd8 16. Bd2 Ke7 17. Rd1 Rd8 18. Be1 1/2-1/2

[Event "Landesklasse West 2014/2015"]
[Site "?"]
[Date "2015.04.19"]
[Round "9"]
[White "Hilbert, Stephan-Jörg"]
[Black "Klein, Matthias"]
[Result "1/2-1/2"]
[WhiteElo "1698"]
[BlackElo "1753"]
[PlyCount "21"]
[EventDate "2015.??.??"]
[WhiteTeam "SV Wartburgstadt Eisenach"]
[BlackTeam "SV Schmalkalden 04"]

1. b4 Nf6 2. Bb2 g6 3. c4 Bg7 4. e3 d6 5. Nf3 O-O 6. Be2 e5 7. d3 Re8 8. O-O c6
9. Nbd2 Nbd7 10. a4 d5 11. Qc2 1/2-1/2

[Event "Landesklasse West 2014/2015"]
[Site "?"]
[Date "2015.04.19"]
[Round "9"]
[White "Anschütz, Bernd"]
[Black "Himmel, Matthias"]
[Result "1/2-1/2"]
[WhiteElo "1725"]
[BlackElo "1597"]
[PlyCount "72"]
[EventDate "2015.??.??"]
[WhiteTeam "SV Wartburgstadt Eisenach"]
[BlackTeam "SV Schmalkalden 04"]

1. d4 Nf6 2. c4 g6 3. Nf3 Bg7 4. Nc3 d5 5. Bg5 Ne4 6. Bh4 c5 7. cxd5 Nxc3 8.
bxc3 cxd4 9. c4 Qa5+ 10. Qd2 Qxd2+ 11. Kxd2 Nd7 12. Re1 Nb6 13. e3 dxe3+ 14.
Rxe3 Bh6 15. Bg5 Bxg5 16. Nxg5 h6 17. Nf3 e6 18. Bd3 O-O 19. d6 Nd7 20. Kc3 Nc5
21. Be4 Rd8 22. Rd1 Nxe4+ 23. Rxe4 f6 24. Rh4 Kg7 25. Rd2 e5 26. c5 Bd7 27. Rb4
Bc6 28. Ne1 Rd7 29. f3 Rc8 30. Nc2 Kf7 31. Ne3 Ke6 32. Kb2 Rb8 33. Nc4 Bd5 34.
Ne3 Bc6 35. Nc4 Bd5 36. Ne3 Bc6 1/2-1/2

[Event "Landesklasse West 2014/2015"]
[Site "?"]
[Date "2015.04.19"]
[Round "9"]
[White "Krannich, Volkmar"]
[Black "Ulbricht, Olaf"]
[Result "1/2-1/2"]
[WhiteElo "1520"]
[BlackElo "1608"]
[PlyCount "47"]
[EventDate "2015.??.??"]
[WhiteTeam "SV Schmalkalden 04"]
[BlackTeam "SV Wartburgstadt Eisenach"]

1. d4 d5 2. g3 b6 3. Bg2 Bb7 4. Nf3 g6 5. O-O Bg7 6. c3 Nd7 7. Re1 e5 8. dxe5
Nxe5 9. Nxe5 Bxe5 10. Nd2 Bg7 11. Nf3 Nf6 12. Nd4 O-O 13. Bf4 Nh5 14. Be3 Nf6
15. Bf4 a6 16. Bg5 Qd6 17. Bf4 Qd8 18. Bg5 Rb8 19. Qc2 Qd6 20. Bf4 Qd8 21. Bg5
Re8 22. Rad1 Rc8 23. Bh3 Rb8 24. Bg2 1/2-1/2

[Event "Landesklasse West 2014/2015"]
[Site "?"]
[Date "2015.04.19"]
[Round "9"]
[White "Petiko, Nikolai"]
[Black "Kuntze, Andreas"]
[Result "1/2-1/2"]
[WhiteElo "1940"]
[BlackElo "1996"]
[PlyCount "30"]
[EventDate "2015.??.??"]
[WhiteTeam "SV Breitenworbis"]
[BlackTeam "Schachclub Rochade Leinefelde"]

1. e4 d5 2. exd5 Nf6 3. Nf3 Nxd5 4. d4 Bg4 5. h3 Bf5 6. g4 Bg6 7. Ne5 Nd7 8.
Nxg6 hxg6 9. c4 N5f6 10. Bg2 c6 11. d5 cxd5 12. cxd5 Nb6 13. Nc3 Qd6 14. O-O
Rd8 15. Re1 Nfxd5 1/2-1/2

[Event "Landesklasse West 2014/2015"]
[Site "?"]
[Date "2015.04.19"]
[Round "9"]
[White "Kachel, Alfred"]
[Black "Hellrung, Bernhard"]
[Result "1-0"]
[WhiteElo "1951"]
[BlackElo "1867"]
[PlyCount "85"]
[EventDate "2015.??.??"]
[WhiteTeam "Schachclub Rochade Leinefelde"]
[BlackTeam "SV Breitenworbis"]

1. d4 Nf6 2. c4 e6 3. Nf3 Bb4+ 4. Bd2 Qe7 5. Nc3 b6 6. g3 Bb7 7. Bg2 O-O 8. O-O
d6 9. Qc2 h6 10. Rfe1 Nbd7 11. e4 Bxc3 12. Bxc3 c5 13. e5 dxe5 14. dxe5 Nh7 15.
Ng5 Nxg5 16. Bxb7 Nxe5 17. Bxa8 Rxa8 18. Bxe5 Qb7 19. f3 Nxf3+ 20. Kf2 Ng5 21.
Qd3 Nh3+ 22. Ke3 f5 23. Rad1 Ng5 24. Kd2 Nf3+ 25. Kc1 Nxe1 26. Rxe1 Re8 27. h4
b5 28. Rd1 bxc4 29. Qd7 Re7 30. Qxb7 Rxb7 31. Rd6 Kf7 32. Rc6 g5 33. h5 Rd7 34.
Rxc5 Rd5 35. Rxd5 exd5 36. Kd2 Ke6 37. Bg7 f4 38. g4 a6 39. Bxh6 Kf6 40. Bf8 d4
41. Bc5 c3+ 42. bxc3 dxc3+ 43. Kxc3 1-0

[Event "Landesklasse West 2014/2015"]
[Site "?"]
[Date "2015.04.19"]
[Round "9"]
[White "Bötticher, Heinz-Wilfried"]
[Black "Frank, Thomas"]
[Result "1/2-1/2"]
[WhiteElo "1825"]
[BlackElo "1922"]
[PlyCount "46"]
[EventDate "2015.??.??"]
[WhiteTeam "SV Breitenworbis"]
[BlackTeam "Schachclub Rochade Leinefelde"]

1. e4 c5 2. Nf3 e6 3. d4 cxd4 4. Nxd4 Nc6 5. Nc3 Qc7 6. Ndb5 Qb8 7. a4 a6 8.
Na3 Nf6 9. g3 Bb4 10. Bd2 O-O 11. Bg2 Qc7 12. O-O d6 13. Nc4 Na5 14. Nxa5 Bxa5
15. Ra3 Bb6 16. Bg5 Bc5 17. Rb3 Rb8 18. e5 dxe5 19. Bxf6 gxf6 20. Qg4+ Kh8 21.
Qh4 Be7 22. Ne4 f5 23. Nf6 Bxf6 1/2-1/2

[Event "Landesklasse West 2014/2015"]
[Site "?"]
[Date "2015.04.19"]
[Round "9"]
[White "Seeboth, Paul"]
[Black "Vergin, Marcel"]
[Result "0-1"]
[WhiteElo "1819"]
[BlackElo "1793"]
[PlyCount "50"]
[EventDate "2015.??.??"]
[WhiteTeam "Schachclub Rochade Leinefelde"]
[BlackTeam "SV Breitenworbis"]

1. d4 Nf6 2. Bg5 d6 3. Nd2 Nbd7 4. c4 e5 5. d5 Be7 6. e4 Nxd5 7. cxd5 Bxg5 8.
Ngf3 Bh6 9. Qc2 a5 10. Bb5 O-O 11. Rc1 Nc5 12. O-O f5 13. Rce1 fxe4 14. Nxe4
Nxe4 15. Qxe4 Bf5 16. Qc4 Bf4 17. h3 e4 18. Nd4 Bxh3 19. gxh3 Qg5+ 20. Kh1 Qh4
21. Qb3 Be5 22. Qe3 Bxd4 23. Qxd4 Qxh3+ 24. Kg1 Qg4+ 25. Kh2 Rf5 0-1

[Event "Landesklasse West 2014/2015"]
[Site "?"]
[Date "2015.04.19"]
[Round "9"]
[White "Leibeling, Lucian"]
[Black "Meysing, Gerhard"]
[Result "1-0"]
[WhiteElo "1850"]
[BlackElo "1483"]
[PlyCount "65"]
[EventDate "2015.??.??"]
[WhiteTeam "SV Breitenworbis"]
[BlackTeam "Schachclub Rochade Leinefelde"]

1. c4 e5 2. Nc3 Nf6 3. d3 Nc6 4. g3 d5 5. cxd5 Nxd5 6. Bg2 Nxc3 7. bxc3 Bd7 8.
Bb2 Bd6 9. Nf3 O-O 10. O-O Re8 11. Nd2 Rb8 12. a3 Ne7 13. e4 c5 14. f4 exf4 15.
gxf4 f6 16. Qh5 Ng6 17. f5 Nf4 18. Qf3 Nxg2 19. Qxg2 Bb5 20. c4 Ba4 21. Rf3 Be5
22. Bxe5 Rxe5 23. Kh1 Bc2 24. Rg1 Qd7 25. Qe2 Re7 26. Nf1 Ba4 27. Ne3 Bc6 28.
Nd5 Bxd5 29. cxd5 Qxd5 30. Qf2 Qd6 31. Rh3 Kh8 32. Rg4 Rg8 33. Rxh7+ 1-0

[Event "Landesklasse Ost 2014/2015"]
[Site "?"]
[Date "2015.04.19"]
[Round "9"]
[White "Janisch, Manfred"]
[Black "Buring, Matthias"]
[Result "1/2-1/2"]
[WhiteElo "1744"]
[BlackElo "2052"]
[PlyCount "104"]
[EventDate "2015.??.??"]
[WhiteTeam "Schachzirkel Elstertal Langenberg"]
[BlackTeam "SG Arnstadt-Stadtilm"]

1. c4 e6 2. e4 c5 3. Nc3 Nc6 4. Nf3 d6 5. Be2 Nf6 6. O-O Be7 7. a3 O-O 8. Rb1
Nd4 9. Bd3 e5 10. Nxd4 cxd4 11. Nd5 Nxd5 12. cxd5 Bd7 13. Be2 Qb6 14. d3 Rfc8
15. Bg4 Qb5 16. Bxd7 Qxd7 17. f4 Rc7 18. f5 Qd8 19. Qg4 Rac8 20. Bh6 Bf6 21.
Bxg7 Bxg7 22. f6 Qf8 23. Rf5 Rc1+ 24. Rxc1 Rxc1+ 25. Kf2 Kh8 26. fxg7+ Qxg7 27.
Qe2 f6 28. Qd2 Qc7 29. Kg3 Rc2 30. Qh6 Qg7+ 31. Qxg7+ Kxg7 32. Rf2 Rc1 33. Rd2
b5 34. Kg4 Kg6 35. h3 a5 36. Kf3 b4 37. axb4 axb4 38. Ke2 Kg5 39. Kf2 h5 40. g3
h4 41. Kf3 hxg3 42. Kxg3 b3 43. Rf2 Rc2 44. h4+ Kg6 45. h5+ Kf7 46. Rf1 Rxb2
47. h6 Rc2 48. Rb1 b2 49. h7 Kg7 50. Kg4 Rf2 51. Kg3 Rc2 52. Kg4 Rf2 1/2-1/2

[Event "Landesklasse Ost 2014/2015"]
[Site "?"]
[Date "2015.04.19"]
[Round "9"]
[White "Sauer, Marko"]
[Black "Streit, Michael"]
[Result "1-0"]
[WhiteElo "2008"]
[BlackElo "1924"]
[PlyCount "55"]
[EventDate "2015.??.??"]
[WhiteTeam "SG Arnstadt-Stadtilm"]
[BlackTeam "Schachzirkel Elstertal Langenberg"]

1. e4 e5 2. Bc4 Nc6 3. f4 exf4 4. d4 Qh4+ 5. Kf1 d6 6. Nf3 Qg4 7. Nc3 Be7 8.
Nd5 Qd7 9. Bxf4 Na5 10. Bd3 b5 11. Bxb5 Qxb5+ 12. c4 Qxc4+ 13. Kg1 Rb8 14. b3
Nxb3 15. Rb1 Rb7 16. axb3 Qb5 17. Qc2 c6 18. Kf2 f5 19. Nc3 Qa5 20. e5 d5 21.
Ra1 Qb4 22. Nxd5 Qxb3 23. Nc7+ Kd8 24. Qxb3 Rxb3 25. Rxa7 Rb7 26. Rxb7 Bxb7 27.
Ne6+ Kd7 28. Nxg7 1-0

[Event "Landesklasse Ost 2014/2015"]
[Site "?"]
[Date "2015.04.19"]
[Round "9"]
[White "Schaudin, Andreas"]
[Black "Jank, Kevin"]
[Result "1-0"]
[WhiteElo "1680"]
[BlackElo "1740"]
[PlyCount "67"]
[EventDate "2015.??.??"]
[WhiteTeam "Schachzirkel Elstertal Langenberg"]
[BlackTeam "SG Arnstadt-Stadtilm"]

1. Nf3 d5 2. b3 c5 3. Bb2 Nc6 4. g3 e6 5. Bg2 Nf6 6. d3 Bd6 7. Nbd2 O-O 8. O-O
Qc7 9. e3 e5 10. h3 h6 11. Nh2 Be6 12. e4 Qd7 13. h4 Qc7 14. Re1 dxe4 15. Nxe4
Nxe4 16. Bxe4 f5 17. Bxc6 bxc6 18. f4 Qf7 19. Bxe5 Be7 20. c4 Rad8 21. Qe2 Bc8
22. Kf2 Rfe8 23. Rad1 Bf6 24. Nf3 Re6 25. Qb2 Bxe5 26. Nxe5 Qf6 27. Qa3 g5 28.
hxg5 hxg5 29. Rh1 Qe7 30. Rde1 a6 31. Nxc6 Qd6 32. Rxe6 Bxe6 33. Nxd8 Qxd8 34.
Qb2 1-0

[Event "Landesklasse Ost 2014/2015"]
[Site "?"]
[Date "2015.04.19"]
[Round "9"]
[White "Widmann, Benjamin"]
[Black "Streit, Jürgen"]
[Result "0-1"]
[WhiteElo "1832"]
[BlackElo "1742"]
[PlyCount "108"]
[EventDate "2015.??.??"]
[WhiteTeam "SG Arnstadt-Stadtilm"]
[BlackTeam "Schachzirkel Elstertal Langenberg"]

1. c4 c5 2. Nc3 b6 3. g3 Bb7 4. Nf3 Nf6 5. Bg2 e6 6. O-O a6 7. d4 cxd4 8. Qxd4
Nc6 9. Qd1 Be7 10. Bf4 O-O 11. Nd4 Na5 12. Bxb7 Nxb7 13. e4 Rc8 14. e5 Ne8 15.
Qe2 d6 16. Rad1 Qc7 17. exd6 Bxd6 18. Bxd6 Nexd6 19. b3 Rfd8 20. Ne4 Nxe4 21.
Qxe4 Nc5 22. Qg4 Qe5 23. Rfe1 Qf6 24. Nf3 g6 25. Qg5 Kg7 26. Qxf6+ Kxf6 27. Rd4
Rxd4 28. Nxd4 Rd8 29. Nf3 g5 30. g4 Rd3 31. Re3 Rxe3 32. fxe3 Nd3 33. Nd2 h6
34. a3 a5 35. Kf1 Ke5 36. Ke2 Nc5 37. b4 axb4 38. axb4 Na6 39. b5 Nc5 40. Nf3+
Ke4 41. Nd2+ Ke5 42. Nf3+ Kd6 43. Nd2 f5 44. h3 Nd7 45. e4 fxg4 46. hxg4 Ne5
47. Ke3 Nxg4+ 48. Kd4 e5+ 49. Kd3 Nf6 50. Nb3 g4 51. Ke3 h5 52. Nc1 h4 53. Nd3
h3 54. Nf2 h2 0-1

[Event "Landesklasse Ost 2014/2015"]
[Site "?"]
[Date "2015.04.19"]
[Round "9"]
[White "Gölles, Michael"]
[Black "Zeising, Benjamin"]
[Result "0-1"]
[WhiteElo "1549"]
[BlackElo "1799"]
[PlyCount "68"]
[EventDate "2015.??.??"]
[WhiteTeam "Schachzirkel Elstertal Langenberg"]
[BlackTeam "SG Arnstadt-Stadtilm"]

1. d4 e6 2. c4 d5 3. Nc3 dxc4 4. e3 a6 5. Bxc4 b5 6. Qf3 Ra7 7. Bb3 Nf6 8. a3
Bb7 9. Qh3 Nbd7 10. Nf3 c5 11. O-O Ne4 12. Nxe4 Bxe4 13. Rd1 c4 14. Ba2 Qf6 15.
Bb1 Bxb1 16. Rxb1 Qg6 17. Bd2 Bd6 18. Bc3 Nb6 19. Qh4 Nd5 20. Ba5 Nf6 21. Ne5
Qe4 22. Qg5 O-O 23. f3 Qc2 24. e4 Nxe4 25. fxe4 f6 26. Qg4 fxe5 27. Qxe6+ Raf7
28. Rf1 Qxe4 29. Rbd1 Qe3+ 30. Kh1 exd4 31. Qxe3 dxe3 32. Rxf7 Rxf7 33. Kg1 e2
34. Re1 Bc5+ 0-1

[Event "Landesklasse Ost 2014/2015"]
[Site "?"]
[Date "2015.04.19"]
[Round "9"]
[White "Sack, Matthias"]
[Black "Reichardt, Albert"]
[Result "1-0"]
[WhiteElo "1963"]
[BlackElo "1720"]
[PlyCount "67"]
[EventDate "2015.??.??"]
[WhiteTeam "SV Hermsdorf"]
[BlackTeam "SSV Vimaria 91 Weimar"]

1. e4 c5 2. c3 Nc6 3. d4 cxd4 4. cxd4 d6 5. Nf3 g6 6. Nc3 Bg7 7. Be2 Bg4 8. Be3
Bxf3 9. Bxf3 e6 10. O-O Nge7 11. d5 Ne5 12. Be2 O-O 13. f4 Nd7 14. dxe6 Nb6 15.
exf7+ Kh8 16. Qb3 Nec8 17. Rad1 Qe7 18. Bd4 Rxf7 19. Bxg7+ Kxg7 20. Qb4 a6 21.
Qd4+ Kg8 22. g3 Rf6 23. Rd2 Kg7 24. Bd1 Kf8 25. Bb3 a5 26. a4 Ra6 27. Nb5 h6
28. Rc1 Qd8 29. e5 Rf5 30. g4 Rf7 31. Bxf7 Kxf7 32. Rc7+ Nd7 33. Qc4+ Kf8 34.
Rxc8 1-0